[Event "RUS-ch 57th"]
[Site "Moscow"]
[Date "2004.11.25"]
[Round "9"]
[White "Tseshkovsky, Vitaly"]
[Black "Epishin, Vladimir"]
[Result "1/2-1/2"]
[WhiteElo "2577"]
[BlackElo "2599"]
[Annotator "Lukacs,P"]
[PlyCount "112"]
[EventDate "2004.11.15"]
[EventType "tourn"]
[EventRounds "11"]
[EventCountry "RUS"]
[EventCategory "18"]
[SourceTitle "CBM 104"]
[Source "ChessBase"]
[SourceDate "2005.01.27"]
[SourceVersion "1"]
[SourceVersionDate "2005.01.27"]
[SourceQuality "1"]

1. e4 c6 2. d4 d5 3. Nd2 dxe4 4. Nxe4 Bf5 5. Ng3 Bg6 6. h4 h6 7. Nf3 e6 8. Ne5
Bh7 9. Bc4 {The B is not so effective on this /^.} (9. Bd3 {is the main line
these days.}) 9... Nf6 10. Qe2 Nd5 11. Bd2 (11. Bb3 Nd7 12. Bd2 {- 11.Bd2})
11... Nd7 12. Bb3 Nxe5 13. dxe5 a5 {Black immediately begins his assault on
the <<.} (13... Qc7 14. O-O-O O-O-O 15. f4 {White has a big space advantage.}
Be7 16. Nh5 Rhg8 17. g4 Kb8 18. Ng3 $14 {Furhoff-S.Pedersen, Malmo 2003}) 14.
a4 (14. Ne4 $2 a4 15. Bc4 Qb6 $1 (15... a3 $2 16. b3 $5 (16. bxa3 Bxa3 $1 $17)
16... Nb4 {- Ziatdinov-Atalik, Continental op 45' 2000 CBM 78}) 16. Nd6+ (16.
O-O $2 Qxb2 17. Bxd5 Qxe5 $19) 16... Bxd6 17. exd6 Qxb2 18. O-O Bxc2 $1 {
Greedy but most likely correct.} (18... O-O 19. Rab1 Qxc2 20. Rxb7 Rfb8 21.
Rxb8+ Rxb8 22. Rc1 Rb1 $2 23. d7 Rxc1+ 24. Bxc1 Qxc1+ 25. Qf1 $18) 19. Bxd5 (
19. Be3 a3 20. Rac1 Be4 $19) 19... cxd5 20. Bf4 Qb4 21. Be5 Qc4 22. Qxc4 dxc4
23. Bxg7 Rh7 $19 {Atalik}) (14. O-O-O a4 15. Bc4 a3 (15... b5 $6 16. Bd3 Bxd3
17. Qxd3 Qc7 18. f4) (15... Qb6 16. a3 $1) 16. b3 Qb6 $1 $36 {Atalik} (16... b5
$6 17. Bxd5 (17. Bd3 Bxd3 (17... Qb6 $2 18. Bxh7 Qd4 19. c3 Nxc3 20. Bxc3 Qxc3+
21. Kb1 Rxh7 22. Rc1 Qb2+ 23. Qxb2 axb2 24. Rxc6 Ba3 25. Ne4 $16) 18. Qxd3 Nb4
19. Bxb4 Qxd3 20. Rxd3 Bxb4 21. Rhd1 $18) 17... cxd5 $1 (17... Qxd5 $2 18. Bb4
$1 $18) (17... exd5 $6 18. f4 Qd7 $13) 18. Qxb5+ Qd7 19. Qxd7+ Kxd7 $44)) 14...
Qb6 (14... Bb4 15. O-O-O {White's << is also weakened a bit.} (15. Rd1 Qc7 16.
O-O {However the >> is also weakened by h4...} Bxd2 17. Rxd2 O-O-O 18. Bxd5
Rxd5 19. Rxd5 cxd5 20. Rd1 Kb8 21. c3 Rc8 $13 {Van Mil-Khenkin, Antwerpen 1995}
) 15... Bxd2+ 16. Rxd2 Qc7 17. Nh5 O-O 18. g4 Bg6 19. Ng3 Rad8 20. Bxd5 Rxd5
21. f4 Rfd8 $13 {Haznedaroglu-Genov, Plovdiv 2003}) 15. O-O (15. Ne4 $6 {
is strongly met by} Qd4 $1 16. Nc3 Nf4 17. Bxf4 Qxf4 {and White's light pieces
are inferior.} 18. g3 Qb4 19. h5 Rd8 20. Rh4 Qb6 21. Rg4 Bb4 22. Rxg7 Qc5 23.
Kf1 Bxc3 24. bxc3 Qxc3 25. Rd1 Rxd1+ 26. Qxd1 Qxe5 $17 {Hauchard-Magem, Clichy
1997}) (15. h5 {is too slow.} Bb4 16. O-O Bxd2 17. Qxd2 Rd8 18. Rad1 O-O 19.
Qe2 Qb4 $11 {Brunner-Magem, Horgen 1994}) (15. Rd1 Qd4 (15... Be7 16. Qg4 Rg8
17. O-O O-O-O 18. Ne4 Rd7 19. Qf3 Bxe4 20. Qxe4 Rgd8 21. Qg4 (21. g3 $6 Bc5 22.
Qe2 Ne7 $15 {Borriss-Speelman, Germany 1998}) 21... g5 $132) 16. Bc1 Qb4+ 17.
Bd2 Qd4 $11 {Xie Jun-Ehlvest, Tan Chin Nam 1998}) (15. O-O-O {is the other
risky way of castling!} Bb4 16. Qf3 (16. Nh5 O-O-O (16... Rg8 17. Rh3 O-O-O 18.
Rf3 Bf5 19. Rg3 {White desperately wants to provoke some small weaknesses.} g6
20. Bxb4 Qxb4 21. Bxd5 gxh5 22. Rxg8 Rxg8 23. Bf3 Qxa4 24. Kb1 $13 {
Jaracz-Zontakh, Krakow 1999}) 17. Rh3 Bg6 18. Bxd5 Rxd5 19. Nf4 Bxd2+ 20. Rxd2
Rxd2 21. Qxd2 Rd8 22. Qe3 Qb4 23. Nxg6 fxg6 {and Black's heavy artillery
dominates the board.} 24. Qe2 Qxa4 25. Kb1 Qf4 26. Rg3 Rd2 $17 {Jansa-P.
Schmidt, Passau 1998}) (16. Ne4 $5 Bxe4 17. Qxe4 O-O-O 18. Qf3 (18. Bxb4 Nxb4
19. Qf3 Qc7 {cannot be good for White because of his useless B.} 20. Qg3 g6 21.
c3 Nd5 22. Bc2 Rd7 23. Rd4 c5 24. Rd2 Rhd8 $11 {Dervishi-Karatekin, Calicut
1998}) 18... Bxd2+ 19. Rxd2 Qc7 20. Qg3 g6 21. Rhd1 h5 $14 (21... Ne7 22. Qf4
Rxd2 (22... Nf5 $2 {founders on} 23. g4 Nxh4 24. Qf6 $16 {Voekler-P.Schmidt,
GER 1997}) 23. Rxd2 Nd5 24. Qe4 $14)) 16... Bxd2+ $1 (16... O-O $2 {castles
into the storm.} 17. Nh5 Bg6 18. Nxg7 $1 Kxg7 19. h5 Bxd2+ 20. Rxd2 Bf5 21. g4
Qc7 22. Re2 Ne7 23. gxf5 Nxf5 24. c3 Qe7 25. Bc2 Qg5+ 26. Kb1 Kh8 27. Re4 Ne7
28. Rhe1 Rg8 29. Rf4 $18 {De Firmian-Brunner, Biel 1995}) (16... Qc7 $5 {
Am.Rodriguez}) 17. Rxd2 Qc7 $1 18. Re1 O-O-O {This is the safe flank for the
black monarch.} 19. c3 Qe7 20. Ne4 Bxe4 21. Rxe4 Rd7 22. Red4 Rhd8 23. g3 Nb6
$1 $11 {Jansa-Velicka, Zlin 1998 CBM 66}) 15... Bb4 16. Bxd5 (16. Rad1 $14)
16... cxd5 (16... Bxd2 $2 17. Bxe6 $1 $16) (16... exd5 $5 17. c3 Be7 18. Qg4
$36) 17. c3 Be7 (17... Bc5 $5 {looks more provocative.} 18. Nh5 (18. b4 $5)
18... O-O (18... O-O-O 19. b4 $1 $14) 19. Bxh6 {This sacrifice leads only to a
draw after} (19. Qg4 Bg6) 19... gxh6 20. Qg4+ Bg6 21. Nf6+ Kh8 22. Qf4 Kg7 23.
h5 Bc2 24. Qg3+ Kh8 25. Qf4 Kg7 $11) 18. Be3 Qc7 19. Qg4 g5 $5 (19... Rg8 20.
Bd4 $14) 20. h5 {White has to avoid the opening of lines on the >>.} Rg8 21.
Bd4 Ra6 22. b3 Rc6 23. Rfc1 Bc5 24. Bxc5 Rxc5 25. Qd4 $14 {holding the vital
d4 square.} g4 $5 (25... Kf8 26. Nf1 $1 Kg7 27. Ne3 $16) 26. Nf1 (26. Ra2 Rg5
27. Re2 Kf8 28. Re3 $14) 26... b6 27. Ne3 Be4 (27... g3 28. f3 $16) 28. c4 {
White wants to open up the <<, because the black rooks are not connected.} Rg5
29. Re1 Qxe5 (29... Kf8 $5 30. cxd5 exd5 31. b4 (31. e6 Qe5 $1) 31... axb4 32.
Qxb4 $13) 30. Qxe5 Rxe5 31. Nxg4 Rg5 32. Nf6+ Ke7 33. Nxe4 dxe4 34. Rxe4 {
[%mdl 4096] The R _|_ looks slightly better for White because of the P
structure.} Rxh5 (34... Rce5 35. Rd4 $5 (35. Rxe5 Rxe5 36. g3 (36. g4 Rg5 37.
f3 f5 $11) 36... Rxh5 37. Kg2 Re5 38. Kf3 Rf5+ 39. Ke3 Re5+ 40. Kd3 Rh5 $11)
35... Rxh5 $1 (35... Re2 36. Rad1 Rxh5 37. Rd7+ Kf6 38. Rb7 Rf5 39. Rf1) 36.
Rad1 Re2 37. Rd7+ Kf6 38. R7d6 Rb2 39. Rxb6 Rc5 {- 34..Rh5 35.Rd1 Rce5}) 35.
Rd1 Rc7 $6 (35... Rce5 $1 {was the active way, which is usually the best in R
endings.} 36. Red4 (36. Rxe5 Rxe5 $11) 36... Re2 37. Rd7+ Kf6 38. R7d6 Rf5 39.
Rf1 Rb2 40. Rxb6 Rc5 {/\ Rc4} 41. Rc1 Rf5 42. f3 Re5 $1 $132) 36. Red4 Rhc5 37.
Rd8 R5c6 38. Rh8 ({The quiet prophylactical move} 38. Kf1 $1 {was required
first!} e5 (38... Rc8 39. R8d7+ Kf8 40. Ke2 Kg7 41. Ke3 $14) 39. Ke2 Rg6 40. g3
f5 41. Rh8 $16) 38... Rd6 $1 {Now Black grabs the |^ on the <<, his K has a
paved way via d6-c5-b4.} (38... e5 39. Rdd8 $16) 39. Rxd6 Kxd6 40. Rxh6 Kc5 $1
41. Kf1 Kb4 $132 42. Rh3 f5 43. Ke2 (43. f4 Rd7 44. Ke2 Rd4 45. Rf3 Re4+ $11)
43... e5 {Black is playing the R _|_ very actively.} 44. Rf3 f4 45. g3 fxg3 46.
fxg3 e4 47. Re3 Rg7 48. Kf2 Rg4 49. Kg2 Kc5 50. Re1 (50. Kh3 {is strongly met
by} Kd4 $1 51. Re1 Rg6 $15) 50... Kd4 51. Rd1+ {It is already White, who has
to play carefully!} (51. Kf2 Rg6 $15) 51... Kc3 (51... Ke3 $2 52. Rd6 $16) 52.
Rd6 Kxb3 53. Rxb6+ Kxc4 (53... Kxa4 54. c5 e3 55. Kf3 e2 $11) 54. Rb5 Rg8 55.
Rxa5 Rf8 $1 56. g4 e3 1/2-1/2